| 000 | 00415nam a22001697a 4500 | ||
|---|---|---|---|
| 005 | 20160430104155.0 | ||
| 008 | 160430b xxu||||| |||| 00| 0 eng d | ||
| 020 | _a81-7188-357-5 | ||
| 041 | _aeng | ||
| 082 | _b1001 | ||
| 100 |
_aMujumdar N.A. _9309 |
||
| 245 | _aEconomic reforms sons Development. | ||
| 260 |
_aNew Delhi _bAcademic Faundation _c2004 |
||
| 300 | _a203 | ||
| 650 |
_aManagement _9241 |
||
| 942 | _cBK | ||
| 999 |
_c357 _d357 |
||